| 000 | 00604nam a22002055i 4500 | ||
|---|---|---|---|
| 001 | 171938 | ||
| 003 | ES-MaACL | ||
| 005 | 20230906214755.0 | ||
| 008 | 090609s1972 sp |||| | spa d | ||
| 080 | _a821.134.2(82)-32"19" | ||
| 100 | 1 |
_aSorrentino, Fernando. _9107426 |
|
| 245 | 1 | 0 |
_aImperios y servidumbres / _cFernando Sorrentino. |
| 250 | _a[1ª ed.]. | ||
| 260 |
_aBarcelona : _bSeix Barral, _c[1972] |
||
| 300 |
_a191 p. ; _c20 cm. |
||
| 490 | 1 | _aNueva narrativa hispánica | |
| 830 | 0 |
_aNueva narrativa hispánica _9180692 |
|
| 852 |
_aES-MaACL _jC-49457 _9R.84872 |
||
| 999 |
_c171938 _d171938 |
||